La clase obrera en la historia de México : en el sexenio de Tlatelolco : 1964-1970 /
Colección de 17 libros que ofrece un panorama histórico y político de México contado a través de la historia del pueblo trabajador, en especial de los trabajadores industriales, desde la colonia española hasta finales del mandato presidencial de Luis Echeverría; los dos últimos abordan el trabajo de...
Gorde:
| Egile nagusia: | |
|---|---|
| Beste egile batzuk: | , |
| Formatua: | Liburua |
| Hizkuntza: | gaztelania |
| Argitaratua: |
México :
Siglo XXI : UNAM, Instituto de Investigaciones Sociales,
1985, c1985
|
| Saila: | (La Clase Obrera en la Historia de México ;
13) |
| Gaiak: | |
| Etiketak: |
Etiketarik gabe, Izan zaitez lehena erregistro honi etiketa jartzen!
|
MARC
| LEADER | 00000nam^a2200000^a^4500 | ||
|---|---|---|---|
| 001 | 000186602 | ||
| 005 | 20250521000000.0 | ||
| 009 | 20260310102233.173 | ||
| 020 | |a 968-23-1298-1 | ||
| 020 | |a 968-23-1002-4 | ||
| 037 | |a Acervo ITESO - Biblioteca | ||
| 041 | |a ESP | ||
| 082 | |a 305. 5620972 |b GON V. 13 | ||
| 100 | |a Fernández Christlieb, Paulina |e (autor) | ||
| 240 | 1 | 4 | |a [La clase obrera en la historia de México] |
| 245 | 1 | 3 | |a La clase obrera en la historia de México : |b en el sexenio de Tlatelolco : 1964-1970 / |c P. Fernández Christlieb, O. Rodríguez Araujo ; coord. de P. González Casanova. |
| 264 | 4 | |a México : |b Siglo XXI : |b UNAM, Instituto de Investigaciones Sociales, |c 1985, c1985 | |
| 300 | |a 389 p. | ||
| 336 | |a texto |b txt |2 rdacontenido | ||
| 337 | |a sin mediación |b n |2 rdamedio | ||
| 338 | |a volumen |b nc |2 rdasoporte | ||
| 440 | 4 | |a (La Clase Obrera en la Historia de México ; |v 13) | |
| 520 | |a Colección de 17 libros que ofrece un panorama histórico y político de México contado a través de la historia del pueblo trabajador, en especial de los trabajadores industriales, desde la colonia española hasta finales del mandato presidencial de Luis Echeverría; los dos últimos abordan el trabajo del migrante mexicano en Estados Unidos, desde 1600 hasta 1981. En este volumen se estudia la situación de la clase obrera, sus organizaciones y sus escasos movimientos durante el período presidencial de Gustavo Díaz Ordaz, con especial énfasis en la brecha entre las ganancias del capital y la condición de los trabajadores en el marco del crecimiento económico sostenido del que se beneficiaron los empresarios nacionales y extranjeros, pero no los obreros, los trabajadores rurales ni los pequeños propietarios. | ||
| 649 | |a XX | ||
| 650 | |a Campesinos - |z México - |x Condiciones Sociales y Culturales | ||
| 650 | |a Campesinos - |z México - |x Condiciones Laborales | ||
| 650 | |a Campesinos - |z México - |x Historia - |y Siglo XX | ||
| 650 | |a Obreros - |z México - |x Condiciones Sociales y Culturales | ||
| 650 | |a Obreros - |z México - |x Condiciones Laborales | ||
| 650 | |a Obreros - |z México - |x Historia - |y Siglo XX - |x Tema Principal | ||
| 650 | |a Clases Sociales - |z México - |x Historia - |y Siglo XX | ||
| 650 | |a Sindicalismo - |z México - |x Historia - |y Siglo XX | ||
| 650 | |a Movimientos Obreros - |z México - |x Historia - |y Siglo XX | ||
| 650 | |a Movimientos Políticos - |z México - |x Historia - |y Siglo XX | ||
| 650 | |a Movimientos Sociales - |z México - |x Historia - |y Siglo XX | ||
| 650 | |a Desarrollo Económico-Social - |z México - |x Historia - |y 1964-1970 | ||
| 650 | |a Política Laboral - |z México - |x Historia - |y Siglo XX | ||
| 650 | |a Política Económica - |z México - |x Historia - |y Siglo XX | ||
| 650 | |a Sociología Laboral | ||
| 650 | |a Economía Laboral - |z México - |x Historia | ||
| 650 | |a Economía - |z México - |x Historia - |y 1964-1970 | ||
| 650 | |a Economía - |z México - |x Historia - |y 1946-2000 | ||
| 650 | |a Economía - |z México - |x Historia - |y Siglo XX | ||
| 650 | |a Política - |z México - |x Historia - |y 1964-1970 | ||
| 650 | |a Política - |z México - |x Historia - |y 1946-2000 | ||
| 650 | |a Política - |z México - |x Historia - |y Siglo XX | ||
| 650 | |a México - |x Condiciones Laborales | ||
| 650 | |a México - |x Condiciones Económicas | ||
| 650 | |a México - |x Condiciones Políticas | ||
| 700 | |a Rodríguez Araujo, Octavio |e (autor) | ||
| 700 | |a González Casanova, Pablo |e (coordinación) | ||
| 910 | |a Fondo Armando Suárez Gómez | ||
| 920 | |a Impresos - Libros | ||
| 930 | |a Fondos Especiales | ||
| 905 | |a 111 | ||
| 901 | |a 0700004547 |b IT2 |c ESP |u 20250521 | ||
| 902 | |a https://opac.biblio.iteso.mx/vufind/Record/000186602 | ||